000 01205nam0a22003011 4500
001 rc\4707915
005 20130416212022.7
021 _aRU
_b[68-13767]
035 _a(NLR Aleph) 008722372
090 _a9425895
_c9425895
100 _a20130416d1967 |||y0rusy50 ca
101 0 _arus
102 _aRU
105 _aab z |||||
200 1 _aИспользование методов промысловой геофизики для изучения нефтеотдачи пластов
_fПод ред. д-ра геол.-минерал. наук. проф. В.Д. Дахнова
210 _aМосква
_cНедра
_d1967
215 _a115 с.
_cил., карт.
_d20
320 _aБиблиогр.: с. 111-113 (41 назв.)
606 _aНефтяные скважины
_xКаротаж
_2psbo
606 _aНефтяные пласты
_xНефтеотдача
_2psbo
700 1 _aСултанов
_bС. А.
_f1922-
_gСагдий Ахмадиевич
701 1 _aСвихнушин
_bН. М.
_gНиколай Михайлович
702 1 _aДахнов
_bВ. Д.
_4340
801 0 _aRU
_bNLR
_gpsbo
801 1 _aRU
_bELAR
_2rusmarc
852 _aNLR
_j68-3/1723
942 _cBOOK
980 _aNB